Online
Catalog

Teatro de Luis Rechani Agrait / (Record no. 10320)

MARC details
000 -CABECERA
campo de control de longitud fija 01069cam a2200265 a 4500
001 - NÚMERO DE CONTROL
campo de control 000010562
005 - FECHA Y HORA DE LA ÚLTIMA TRANSACCIÓN
campo de control 20200929162241.0
008 - DATOS DE LONGITUD FIJA--INFORMACIÓN GENERAL
campo de control de longitud fija 890519s1991 pr b 000 d spa d
020 ## - NÚMERO INTERNACIONAL ESTÁNDAR DEL LIBRO
Número Internacional Estándar del Libro 0865813949
035 ## - NÚMERO DE CONTROL DEL SISTEMA
Número de control de sistema (DLC) 89084649
040 ## - FUENTE DE LA CATALOGACIÓN
Centro catalogador/agencia de origen DO-SdBNP
Lengua de catalogación spa
Centro/agencia transcriptor BNPHU
Centro/agencia modificador DLC
082 ## - NÚMERO DE LA CLASIFICACIÓN DECIMAL DEWEY
Número de clasificación PR862.4
Número de documento/Ítem R296t
049 ## - FONDOS LOCALES (OCLC)
Fondos de biblioteca BNPD
100 1# - ENTRADA PRINCIPAL--NOMBRE DE PERSONA
Nombre de persona Rechani Agrait, Luis,
Fechas asociadas al nombre 1902-1994?
9 (RLIN) 25627
245 10 - MENCIÓN DE TÍTULO
Título Teatro de Luis Rechani Agrait /
Mención de responsabilidad, etc. Luis Rechani Agrait ; prólogo de Nilda González.
260 ## - PUBLICACIÓN, DISTRIBUCIÓN, ETC.
Lugar de publicación, distribución, etc. San Juan, Puerto Rico :
Nombre del editor, distribuidor, etc. Instituto de Cultura Puertorriqueña,
Fecha de publicación, distribución, etc. 1991.
300 ## - DESCRIPCIÓN FÍSICA
Extensión 2 v. ;
Dimensiones 24 cm.
504 ## - NOTA DE BIBLIOGRAFÍA, ETC.
Nota de bibliografía, etc. Incluye referencias bibliográficas.
505 0# - NOTA DE CONTENIDO CON FORMATO
Información miscelánea v. 1.
Título Mi señoría. Todos los ruiseñores cantan. ¿Cómo se llama esta flor?. Tres piraguas en un día de calor --
Información miscelánea v. 2.
Título Llora en el atardecer la fuente. ¡Oh, dorada ilusión de alas abiertas!. Oblomós.
650 #4 - PUNTO DE ACCESO ADICIONAL DE MATERIA--TÉRMINO DE MATERIA
Término de materia o nombre geográfico como elemento de entrada Teatro puertorriqueño
9 (RLIN) 4514
650 #4 - PUNTO DE ACCESO ADICIONAL DE MATERIA--TÉRMINO DE MATERIA
Término de materia o nombre geográfico como elemento de entrada Literatura puertorriqueña
9 (RLIN) 250
700 1# - PUNTO DE ACCESO ADICIONAL--NOMBRE DE PERSONA
Nombre de persona González, Nilda,
Término indicativo de función/relación pról.
9 (RLIN) 25628
910 ## - DATOS DE OPCIÓN DEL USUARIO (OCLC)
Datos de opción del usuario Catalogación por copia / LC
910 ## - DATOS DE OPCIÓN DEL USUARIO (OCLC)
Datos de opción del usuario WM
Holdings
Estado de retiro Estado de pérdida Restricciones de uso No para préstamo Código de colección Localización permanente Ubicación/localización actual Ubicación en estantería Fecha de adquisición Número de inventario Total de préstamos Signatura topográfica completa Código de barras Fecha visto por última vez Precio válido a partir de Tipo de ítem Koha
    Préstamo interno   Monografías: Libros y Folletos Patrimonio Dominicano Patrimonio Dominicano Depósito 07.10.2009 LF1   PR862.4 R296t | v.1 10562-10 25.06.2020 25.06.2020 Préstamo interno
    Préstamo interno   Monografías: Libros y Folletos Patrimonio Dominicano Patrimonio Dominicano Depósito 07.10.2009 LF1   PR862.4 R296t | v.2 10562-20 25.06.2020 25.06.2020 Préstamo interno

Powered by Koha